[Event "Kiev-ch"]
[Site "Kiev"]
[Date "2009.01.26"]
[Round "8"]
[White "Moiseev, Igor"]
[Black "Marusenko, Petr"]
[Result "0-1"]
[WhiteElo "2210"]
[BlackElo "2320"]
[PlyCount "156"]
[EventDate "2009.01.17"]
[EventType "swiss"]
[EventRounds "11"]
[EventCountry "UKR"]
[SourceTitle "CBM 128 Extra"]
[Source "ChessBase"]
[SourceDate "2009.03.05"]
[SourceVersion "2"]
[SourceVersionDate "2009.03.25"]
[SourceQuality "1"]

1. e4 c6 2. d4 d5 3. Nc3 dxe4 4. Nxe4 Bf5 5. Ng3 Bg6 6. h4 h6 7. Nf3 Nd7 8. h5 Bh7 9. Bd3 Bxd3 10. Qxd3 e6 11. Bd2 Ngf6 12. 0-0-0 Be7 13. Qe2 0-0 14. Ne5 c5 15. dxc5 Bxc5 16. Nxd7 Qxd7 17. Bc3 Qe7 18. f4 Nd5 19. Bd2 Bd6 20. Qf3 Rac8 21. Ne2 Qc7 22. c3 Nb6 23. Kb1 Nc4 24. Bc1 Qb6 25. Ka1 Rfd8 26. Rd3 Be7 27. Rhd1 Rxd3 28. Rxd3 Bf6 29. b3 Nd6 30. Be3 Qc7 31. Bd4 Bxd4 32. Rxd4 Qb6 33. g4 Rc6 34. Qd3 Qc7 35. Kb2 Qe7 36. Ng3 Qh4 37. Rxd6 Rxd6 38. Qxd6 Qxg3 39. Qb8+ Kh7 40. Qxb7 Qxf4 41. c4 e5 42. Qd5 Qxg4 43. Qxe5 Qg5 44. Qd6 Qxh5 45. c5 Qe2+ 46. Ka3 f5 47. c6 Qa6+ 48. Kb2 Qe2+ 49. Ka3 Qa6+ 50. Kb4 f4 51. Qd7 Qb6+ 52. Kc4 Qa6+ 53. Kd5 Qd3+ 54. Kc5 Qc2+ 55. Kb5 f3 56. c7 f2 57. c8Q f1Q+ 58. Qc4 a6+ 59. Kc5 Qff5+ 60. Qdd5 Qxd5+ 61. Kxd5 Qf5+ 62. Kd6 h5 63. b4 Qg6+ 64. Kc7 Qg3+ 65. Kd8 h4 66. a4 h3 67. b5 h2 68. Qe4+ Kh6 69. bxa6 Qd6+ 70. Kc8 Qxa6+ 71. Kc7 Qa7+ 72. Kc8 Qg1 73. Qh4+ Kg6 74. Qe4+ Kg5 75. Qe7+ Kh5 76. Qe5+ Kh4 77. Qe7+ Qg5 78. Qe1+ Qg3 0-1

[Event "Kiev-ch"]
[Site "Kiev"]
[Date "2009.01.18"]
[Round "2"]
[White "Moiseev, Igor"]
[Black "Kernazhitsky, Leonid"]
[Result "1/2-1/2"]
[WhiteElo "2210"]
[BlackElo "2339"]
[PlyCount "41"]
[EventDate "2009.01.17"]
[EventType "swiss"]
[EventRounds "11"]
[EventCountry "UKR"]
[SourceTitle "CBM 128 Extra"]
[Source "ChessBase"]
[SourceDate "2009.03.05"]
[SourceVersion "2"]
[SourceVersionDate "2009.03.25"]
[SourceQuality "1"]

1. e4 c5 2. Nf3 Nc6 3. d4 cxd4 4. Nxd4 e5 5. Nb5 d6 6. N1c3 a6 7. Na3 b5 8. Nd5 Nge7 9. c4 Nxd5 10. exd5 Nd4 11. cxb5 Be7 12. bxa6 0-0 13. Bc4 Bxa6 14. 0-0 Qc8 15. b3 Qc5 16. Bb2 Bf6 17. Rc1 Bxc4 18. Nxc4 Rxa2 19. Nxe5 Qxd5 20. Bxd4 Bxe5 21. Bxe5 1/2-1/2

[Event "Kiev Independence Cup-A 8th"]
[Site "Kiev"]
[Date "2008.08.20"]
[Round "8"]
[White "Moiseev, Igor"]
[Black "Melnichuk, Mikhail"]
[Result "0-1"]
[WhiteElo "2228"]
[BlackElo "2290"]
[PlyCount "142"]
[EventDate "2008.08.13"]
[EventType "swiss"]
[EventRounds "11"]
[EventCountry "UKR"]
[SourceTitle "CBM 126 Extra"]
[Source "ChessBase"]
[SourceDate "2008.11.05"]
[SourceVersion "1"]
[SourceVersionDate "2008.11.05"]
[SourceQuality "1"]

1. d4 Nf6 2. c4 e6 3. Nf3 Bb4+ 4. Nc3 b6 5. g3 Bb7 6. Bg2 Bxc3+ 7. bxc3 0-0 8. 0-0 d6 9. Bg5 h6 10. Bxf6 Qxf6 11. Qc2 Nc6 12. Nd2 Na5 13. Bxb7 Nxb7 14. Qa4 Qe7 15. Qa6 c5 16. Nb3 Rfc8 17. a4 Rc7 18. Rfc1 Qd7 19. a5 Nxa5 20. Nxa5 bxa5 21. Rxa5 Rc6 22. Qb5 Qc7 23. Ra6 Rxa6 24. Qxa6 Rb8 25. Ra1 Rb3 26. Qxa7 Qxa7 27. Rxa7 Rxc3 28. dxc5 dxc5 29. Ra8+ Kh7 30. Ra4 Kg6 31. Kf1 Rc1+ 32. Kg2 Kf5 33. Kf3 Rc3+ 34. e3 Ke5 35. g4 g5 36. h3 f6 37. Ke2 Rc2+ 38. Kf3 Rc1 39. Ke2 Rc2+ 40. Kf3 f5 41. Kg2 f4 42. Kf3 fxe3 43. fxe3 Rc1 44. Kf2 Ke4 45. Ra6 Rc2+ 46. Kg3 e5 47. Rxh6 Re2 48. Rg6 Rxe3+ 49. Kg2 Re2+ 50. Kg3 Kd4 51. Rxg5 e4 52. h4 e3 53. h5 Re1 54. Kf3 Rf1+ 55. Ke2 Rf2+ 56. Ke1 Rh2 57. Rg6 Kd3 58. Rd6+ Ke4 59. Rf6 Rh4 60. h6 Rxg4 61. h7 Rh4 62. Rf7 Kd3 63. Rd7+ Kxc4 64. Ke2 Rh3 65. Rd3 Rxh7 66. Rxe3 Rd7 67. Rf3 Kb4 68. Rd3 Rxd3 69. Kxd3 Kb3 70. Kd2 c4 71. Kc1 Kc3 0-1

[Event "Kiev Independence Cup-A 8th"]
[Site "Kiev"]
[Date "2008.08.18"]
[Round "6"]
[White "Moiseev, Igor"]
[Black "Krasiuk, Kateryna"]
[Result "1-0"]
[WhiteElo "2228"]
[BlackElo "1970"]
[PlyCount "57"]
[EventDate "2008.08.13"]
[EventType "swiss"]
[EventRounds "11"]
[EventCountry "UKR"]
[SourceTitle "CBM 126 Extra"]
[Source "ChessBase"]
[SourceDate "2008.11.05"]
[SourceVersion "1"]
[SourceVersionDate "2008.11.05"]
[SourceQuality "1"]

1. e4 e6 2. d4 d5 3. Nd2 c5 4. Ngf3 Nc6 5. c3 Nf6 6. e5 Nd7 7. Bd3 Qb6 8. 0-0 cxd4 9. cxd4 Nxd4 10. Nxd4 Qxd4 11. Nf3 Qb6 12. Qa4 Be7 13. Qg4 g6 14. h4 Qb4 15. Qg3 Nc5 16. Bd2 Qb6 17. Be3 Bd7 18. Rfc1 Qxb2 19. Bxc5 Bxc5 20. h5 Bc6 21. Rab1 Qa3 22. Ng5 Kd7 23. Qf4 f5 24. Rb3 Bxf2+ 25. Kh1 Qxa2 26. Rxb7+ Bxb7 27. Bb5+ Kd8 28. Qb4 Bc5 29. Qxc5 1-0

[Event "Ouest Toulousain op-A 3rd"]
[Site "Tournefeuille"]
[Date "2008.02.28"]
[Round "6"]
[White "Abergel, Thal"]
[Black "Moiseev, Igor"]
[Result "1-0"]
[WhiteElo "2517"]
[BlackElo "2243"]
[PlyCount "91"]
[EventDate "2008.02.25"]
[EventType "swiss"]
[EventRounds "9"]
[EventCountry "FRA"]
[SourceTitle "CBM 123 Extra"]
[Source "ChessBase"]
[SourceDate "2008.05.06"]
[SourceVersion "1"]
[SourceVersionDate "2008.05.06"]
[SourceQuality "1"]

1. e4 c5 2. Nc3 Nc6 3. Bb5 g6 4. Bxc6 dxc6 5. d3 Bg7 6. Be3 b6 7. Qd2 e5 8. 0-0-0 h6 9. f4 exf4 10. Bxf4 g5 11. Bg3 Ne7 12. Nf3 0-0 13. h4 g4 14. Nh2 f5 15. Bf4 Kh7 16. g3 Ng6 17. Rhf1 h5 18. Bg5 Qd4 19. Rde1 Be6 20. Be3 Qd6 21. Bf4 Qd7 22. e5 a5 23. Kb1 a4 24. Re3 b5 25. Rfe1 b4 26. Ne2 Rfb8 27. Nf1 Qd5 28. c4 bxc3 29. Nxc3 Qd4 30. Ne2 Qd5 31. Nc3 Qd7 32. Qc2 a3 33. b3 Nxf4 34. gxf4 Bh6 35. Ne2 Rb4 36. Qxc5 Rxf4 37. Nxf4 Bxf4 38. Ng3 Kg6 39. Ne2 Bh6 40. Nd4 Bxe3 41. Rxe3 f4 42. Re4 f3 43. Rf4 Re8 44. Rf6+ Kg7 45. Qc1 Bg8 46. Qh6# 1-0

[Event "Ouest Toulousain op-A 3rd"]
[Site "Tournefeuille"]
[Date "2008.02.28"]
[Round "5"]
[White "Moiseev, Igor"]
[Black "Marholev, Dimitar"]
[Result "1/2-1/2"]
[WhiteElo "2243"]
[BlackElo "2401"]
[PlyCount "87"]
[EventDate "2008.02.25"]
[EventType "swiss"]
[EventRounds "9"]
[EventCountry "FRA"]
[SourceTitle "CBM 123 Extra"]
[Source "ChessBase"]
[SourceDate "2008.05.06"]
[SourceVersion "1"]
[SourceVersionDate "2008.05.06"]
[SourceQuality "1"]

1. e4 e5 2. Nf3 Nc6 3. Bb5 g6 4. c3 a6 5. Bc4 Bg7 6. d4 d6 7. Be3 Qe7 8. dxe5 Nxe5 9. Nxe5 dxe5 10. b4 Be6 11. Qb3 Bxc4 12. Qxc4 Nf6 13. 0-0 0-0-0 14. Nd2 Ng4 15. Bc5 Qe6 16. Qxe6+ fxe6 17. Nf3 Rd3 18. Rac1 Bh6 19. Rc2 Bf4 20. Be7 Re8 21. h3 Nxf2 22. Kxf2 Rxe7 23. g3 Bh6 24. Nxe5 Rd8 25. Ke2 Bg7 26. Rf7 Rxf7 27. Nxf7 Rf8 28. Ng5 Bh6 29. Nf3 Kd7 30. c4 a5 31. b5 a4 32. Rc3 Bg7 33. Rd3+ Ke7 34. h4 Bb2 35. Kd1 c6 36. Kc2 Bg7 37. Ra3 cxb5 38. cxb5 Rc8+ 39. Kd3 Rc5 40. Rxa4 Rxb5 41. Kc4 Rb1 42. Rb4 Rc1+ 43. Kd3 Rc3+ 44. Ke2 1/2-1/2

[Event "Stepichev Memorial 15th"]
[Site "Kiev"]
[Date "2007.12.23"]
[Round "3"]
[White "Moiseev, Igor"]
[Black "Burdalev, Kirill"]
[Result "1-0"]
[WhiteElo "2217"]
[BlackElo "2169"]
[PlyCount "87"]
[EventDate "2007.12.21"]
[EventType "swiss"]
[EventRounds "9"]
[EventCountry "UKR"]
[SourceTitle "CBM 122 Extra"]
[Source "ChessBase"]
[SourceDate "2008.03.04"]
[SourceVersion "1"]
[SourceVersionDate "2008.03.04"]
[SourceQuality "1"]

1. d4 d5 2. Nf3 Nf6 3. c4 c6 4. Nc3 e6 5. Bg5 h6 6. Bxf6 Qxf6 7. Qb3 a5 8. c5 Nd7 9. e4 dxe4 10. Nxe4 Qf4 11. Bd3 Be7 12. 0-0 0-0 13. Rfe1 Rd8 14. Rad1 Qc7 15. Bb1 b6 16. Qc2 Nf8 17. h4 bxc5 18. Nxc5 Rd5 19. Ne4 Bb7 20. a3 Qb6 21. Ba2 Rdd8 22. h5 Rac8 23. Nc3 Bf6 24. Na4 Qc7 25. Nc5 Ba8 26. Re4 Be7 27. Nxe6 fxe6 28. Rxe6 Kh8 29. Ne5 Bf6 30. Rxf6 gxf6 31. Nf7+ Kg7 32. Qd2 Rd5 33. Bxd5 cxd5 34. Nxh6 Qc2 35. Qxc2 Rxc2 36. Nf5+ Kf7 37. Re1 Ne6 38. h6 Rxb2 39. h7 Rb8 40. Nh6+ Kg7 41. Nf5+ Kf7 42. Nh6+ Kg7 43. Nf5+ Kxh7 44. Rxe6 1-0

[Event "Kiev Independence Cup-A 7th"]
[Site "Kiev"]
[Date "2007.08.19"]
[Round "7"]
[White "Onoprienko, Vladimir"]
[Black "Moiseev, Igor"]
[Result "1-0"]
[WhiteElo "2342"]
[BlackElo "2217"]
[PlyCount "169"]
[EventDate "2007.08.13"]
[EventType "swiss"]
[EventRounds "11"]
[EventCountry "UKR"]
[SourceTitle "CBM 119 Extra"]
[Source "ChessBase"]
[SourceDate "2007.09.04"]
[SourceVersion "1"]
[SourceVersionDate "2007.09.04"]
[SourceQuality "1"]

1. e4 c5 2. Nc3 Nc6 3. Nge2 g6 4. d4 cxd4 5. Nxd4 Bg7 6. Nb3 Nf6 7. Be2 d6 8. 0-0 0-0 9. Bg5 a5 10. a4 Be6 11. f4 Qb6+ 12. Kh1 Rac8 13. f5 Bxb3 14. cxb3 Nb4 15. Bc4 Qd8 16. Qd2 Ng4 17. Qf4 Ne5 18. Qh4 Rc7 19. Nd5 Nxd5 20. Bxd5 b6 21. Rac1 Rxc1 22. Rxc1 Re8 23. Rc3 Qd7 24. Rh3 h5 25. fxg6 e6 26. Bc4 fxg6 27. Bb5 Qf7 28. Be3 Rc8 29. Qe1 Qb7 30. Bg1 Rc2 31. Rc3 Rxb2 32. Qc1 Ra2 33. Qb1 Ng4 34. Qxa2 Bxc3 35. Qc2 Bb4 36. Qc4 d5 37. exd5 exd5 38. Qd3 Kh7 39. h3 Nf6 40. Qd4 Ne4 41. Qxb6 Qf7 42. Bd4 Ng3+ 43. Kg1 Nf5 44. Bf2 Qg7 45. g4 hxg4 46. hxg4 Nd6 47. Bf1 Ne4 48. Bd4 Qd7 49. Be2 Qe7 50. Qb8 Nf6 51. Qh2+ Kg8 52. Qf2 Ne4 53. Qh2 Bc5 54. Qh8+ Kf7 55. Qh7+ Kf8 56. Qh8+ Kf7 57. Qg7+ Ke8 58. Qg8+ Kd7 59. Qxd5+ Kc7 60. Kg2 Bxd4 61. Qxd4 Nc5 62. Bf3 Qd6 63. Qc3 Kb6 64. b4 axb4 65. Qxb4+ Ka7 66. a5 g5 67. Qc3 Ka6 68. Be2+ Ka7 69. Qg7+ Kb8 70. Qg8+ Kc7 71. Qxg5 Ne6 72. Qc1+ Kd8 73. Qe3 Nf4+ 74. Kf3 Nxe2 75. Kxe2 Qh2+ 76. Kd3 Qh7+ 77. Qe4 Qh3+ 78. Kc4 Qh2 79. Qd4+ Kc7 80. Kb5 Kb8 81. a6 Qe2+ 82. Kc5 Qc2+ 83. Kd5 Qg2+ 84. Ke6 Qa2+ 85. Qd5 1-0

[Event "Kiev Independence Cup-A 7th"]
[Site "Kiev"]
[Date "2007.08.15"]
[Round "3"]
[White "Kislinsky, Alexey"]
[Black "Moiseev, Igor"]
[Result "0-1"]
[WhiteElo "2472"]
[BlackElo "2217"]
[PlyCount "62"]
[EventDate "2007.08.13"]
[EventType "swiss"]
[EventRounds "11"]
[EventCountry "UKR"]
[SourceTitle "CBM 119 Extra"]
[Source "ChessBase"]
[SourceDate "2007.09.04"]
[SourceVersion "1"]
[SourceVersionDate "2007.09.04"]
[SourceQuality "1"]

1. e4 c5 2. c3 Nf6 3. e5 Nd5 4. Nf3 e6 5. d4 cxd4 6. cxd4 b6 7. Nc3 Nxc3 8. bxc3 Bb7 9. Bd3 Qc7 10. Bd2 d6 11. 0-0 Nd7 12. Ng5 dxe5 13. Qh5 g6 14. Qh3 Be7 15. Rae1 Rc8 16. f4 Bxg5 17. fxg5 0-0 18. Rf6 Qd6 19. Qh4 exd4 20. cxd4 Nxf6 21. gxf6 Rfd8 22. Be3 Rc3 23. Bf1 Rc2 24. Qh6 Qf8 25. Qf4 Rd5 26. g4 Ra5 27. Bd3 g5 28. Qg3 Rg2+ 29. Qxg2 Bxg2 30. Kxg2 Rxa2+ 31. Bf2 Qd8 0-1

[Event "Kiev Independence Cup-A 7th"]
[Site "Kiev"]
[Date "2007.08.13"]
[Round "1"]
[White "Pavlov, Sergey1111"]
[Black "Moiseev, Igor"]
[Result "1-0"]
[WhiteElo "2415"]
[BlackElo "2217"]
[PlyCount "75"]
[EventDate "2007.08.13"]
[EventType "swiss"]
[EventRounds "11"]
[EventCountry "UKR"]
[SourceTitle "CBM 119 Extra"]
[Source "ChessBase"]
[SourceDate "2007.09.04"]
[SourceVersion "1"]
[SourceVersionDate "2007.09.04"]
[SourceQuality "1"]

1. e4 c5 2. Nf3 d6 3. d4 cxd4 4. Nxd4 Nf6 5. Nc3 a6 6. Be2 e6 7. 0-0 Be7 8. f4 0-0 9. Bf3 Qc7 10. a4 Nc6 11. Kh1 Bd7 12. Be3 Rac8 13. Nb3 b6 14. Qe2 Nb4 15. Rad1 Bc6 16. Qf2 Nd7 17. Rd4 a5 18. Rc4 Qb8 19. Nd4 Nc5 20. Nxc6 Rxc6 21. Rd1 Rd8 22. Rcd4 Rcc8 23. R4d2 h6 24. Qg3 Bf6 25. Nb5 d5 26. c3 Nb3 27. e5 Be7 28. cxb4 Nxd2 29. Bxd2 axb4 30. f5 exf5 31. Bxh6 g6 32. Bxd5 Bf8 33. Qxg6+ Kh8 34. Qf6+ Kh7 35. Bxf8 Rxf8 36. Qxf5+ Kg7 37. Qg5+ Kh8 38. Rd3 1-0

[Event "Kiev Independence Cup-B 7th"]
[Site "Kiev"]
[Date "2007.08.05"]
[Round "3"]
[White "Gubay, Nikolay"]
[Black "Moiseev, Igor"]
[Result "1/2-1/2"]
[WhiteElo "2156"]
[BlackElo "2277"]
[PlyCount "191"]
[EventDate "2007.08.03"]
[EventType "swiss"]
[EventRounds "9"]
[EventCountry "UKR"]
[SourceTitle "EXT 2023"]
[Source "ChessBase"]
[SourceDate "2022.10.05"]
[SourceVersion "1"]
[SourceVersionDate "2022.10.05"]
[SourceQuality "1"]

1. c4 e5 2. Nc3 Nc6 3. g3 g6 4. Bg2 Bg7 5. d3 d6 6. e3 Nge7 7. Nge2 0-0 8. 0-0 Bg4 9. Rb1 Qd7 10. Re1 Qf5 11. Nd5 Nxd5 12. cxd5 Ne7 13. Qb3 Qh5 14. Nc3 Rab8 15. Bd2 Rfd8 16. Qa4 a6 17. b4 Bf3 18. b5 axb5 19. Rxb5 Bxg2 20. Kxg2 Qf5 21. e4 Qd7 22. Reb1 b6 23. Qb3 Ra8 24. Rc1 h5 25. h4 Kh7 26. Rb4 Bh6 27. Bxh6 Kxh6 28. Rc4 Ra5 29. Na4 Ra7 30. Qc2 b5 31. Rxc7 Rxc7 32. Qxc7 bxa4 33. Qa5 Rc8 34. Rc4 Rxc4 35. dxc4 f5 36. c5 dxc5 37. Qxc5 fxe4 38. d6 Nf5 39. Qxe5 Kh7 40. Qxe4 Nxd6 41. Qd4 Qc6+ 42. Kh2 Nf5 43. Qa7+ Ng7 44. Qe3 Qc2 45. a3 Qb3 46. Qe7 Qf3 47. Kg1 Qd1+ 48. Kg2 Qd5+ 49. Kg1 Qe6 50. Qb4 Qd7 51. Qf8 Nf5 52. Qb4 Nh6 53. Qf8 Ng4 54. Qc5 Qd1+ 55. Kg2 Qd7 56. Kg1 Nh6 57. Qf8 Nf5 58. Qb4 Nd4 59. Qf8 Qb7 60. Qd6 Qb1+ 61. Kg2 Qe4+ 62. Kg1 Nf3+ 63. Kf1 Nh2+ 64. Kg1 Ng4 65. Qc7+ Kg8 66. Qd8+ Kf7 67. Qc7+ Ke6 68. Qc8+ Kf6 69. Qa6+ Ke5 70. Qb5+ Kf6 71. Qb6+ Kg7 72. Qc7+ Kh6 73. Qc1+ Kh7 74. Qc7+ Kg8 75. Qc8+ Kf7 76. Qc7+ Qe7 77. Qc4+ Kg7 78. Qc3+ Qe5 79. Qc1 Kh7 80. Kg2 Qe4+ 81. Kg1 Qd4 82. Qc7+ Kh6 83. Qc1+ Kg7 84. Qc7+ Kf6 85. Qc6+ Kf5 86. Qc2+ Ke5 87. Qe2+ Kf5 88. Qf3+ Ke5 89. Qe2+ Qe4 90. Qb5+ Kf6 91. Qb6+ Kf5 92. Qc5+ Ne5 93. Qc8+ Kf6 94. Qd8+ Ke6 95. Qe8+ Kd6 96. Qb8+ 1/2-1/2

[Event "Kurass Memorial op 08th"]
[Site "Kiev"]
[Date "2007.06.20"]
[Round "2"]
[White "Moiseev, Igor"]
[Black "Kazarian, Georgy"]
[Result "1-0"]
[WhiteElo "2236"]
[BlackElo "2116"]
[PlyCount "70"]
[EventDate "2007.06.19"]
[EventType "swiss"]
[EventRounds "9"]
[EventCountry "UKR"]
[SourceTitle "EXT 2009"]
[Source "ChessBase"]
[SourceDate "2008.11.26"]
[SourceVersion "1"]
[SourceVersionDate "2008.11.26"]
[SourceQuality "1"]

1. e4 d5 2. exd5 Qxd5 3. Nc3 Qa5 4. d4 Nf6 5. Nf3 e6 6. Bd3 Nbd7 7. 0-0 c6 8. Re1 Bd6 9. Bg5 0-0 10. a3 Qc7 11. Qe2 h6 12. Bh4 Nd5 13. Qe4 N7f6 14. Bxf6 Nxf6 15. Qh4 b6 16. Ne4 Nxe4 17. Qxe4 f5 18. Qe2 Bd7 19. Bc4 Rae8 20. Rad1 Kh7 21. h4 Bc8 22. Rd3 Bf4 23. g3 Bd6 24. h5 Rf6 25. Ne5 Bb7 26. b4 a5 27. c3 Ra8 28. Ng6 axb4 29. axb4 c5 30. bxc5 bxc5 31. d5 Bxd5 32. Rxd5 exd5 33. Bxd5 Rd8 34. c4 Qa5 35. Rb1 Qc3 1-0

[Event "Kiev-ch"]
[Site "Kiev"]
[Date "2007.01.30"]
[Round "11"]
[White "Kovalenko, Vladimir N"]
[Black "Moiseev, Igor"]
[Result "1-0"]
[WhiteElo "2180"]
[BlackElo "2236"]
[PlyCount "171"]
[EventDate "2007.01.20"]
[EventType "swiss"]
[EventRounds "11"]
[EventCountry "UKR"]
[SourceTitle "CBM 116 Extra"]
[Source "ChessBase"]
[SourceDate "2007.03.07"]
[SourceVersion "1"]
[SourceVersionDate "2007.03.07"]
[SourceQuality "1"]

1. e4 c5 2. c3 Nf6 3. e5 Nd5 4. d4 e6 5. Nf3 cxd4 6. cxd4 b6 7. Bc4 Bb7 8. 0-0 d6 9. Qe2 Nd7 10. Re1 Qc7 11. Bd2 Rc8 12. Bd3 dxe5 13. Nxe5 Nxe5 14. dxe5 Bc5 15. Qg4 0-0 16. Nc3 Nxc3 17. Bxc3 Rfd8 18. Be4 Bd5 19. a3 b5 20. Bxd5 Rxd5 21. Rad1 Rxd1 22. Rxd1 Bxa3 23. Qe2 Qc6 24. Qd2 Be7 25. g3 h5 26. Ba5 h4 27. gxh4 Qf3 28. Rc1 Rxc1+ 29. Qxc1 Bxh4 30. Qc5 Qg4+ 31. Kf1 Qe4 32. Qxb5 Qh1+ 33. Ke2 Qe4+ 34. Kf1 Qh1+ 35. Ke2 Qe4+ 36. Kf1 Kh7 37. Kg1 Bg5 38. Bc3 Bf4 39. Qc5 Qg6+ 40. Kf1 Qd3+ 41. Ke1 a6 42. Qe7 Kg6 43. Qb7 Qd5 44. Qb4 Kf5 45. Qf8 Qe4+ 46. Kf1 Kg6 47. h4 Qh1+ 48. Ke2 Qxh4 49. Qa8 Qh5+ 50. Ke1 Bxe5 51. Qe4+ Kf6 52. Qf4+ Ke7 53. Qxe5 Qh1+ 54. Ke2 f6 55. Qc7+ Kf8 56. Qc8+ Kf7 57. Qd7+ Kg6 58. Qxe6 Qh5+ 59. Kd2 Qg5+ 60. Qe3 Qg2 61. Bd4 Qc6 62. Qc3 Qb7 63. Qg3+ Kh7 64. Qd6 Qb5 65. Qc5 Qb7 66. Qa7 Qd5 67. Qc5 Qb7 68. Kc3 Kg6 69. Qb6 Qa8 70. Kb4 Kf5 71. Ka5 Ke4 72. Be3 Qd5+ 73. Kxa6 Qa2+ 74. Kb7 Kf5 75. Qc5+ Kg6 76. b4 Qf7+ 77. Qc7 Qe8 78. Kb6 Qe6+ 79. Qc6 Qe5 80. b5 Qb8+ 81. Ka6 Qe5 82. b6 Qa1+ 83. Kb7 Qe5 84. Bc5 Kh7 85. f3 Kh6 86. Bd6 1-0

[Event "Kiev-ch"]
[Site "Kiev"]
[Date "2007.01.27"]
[Round "8"]
[White "Moiseev, Igor"]
[Black "Bidkov, Anton"]
[Result "0-1"]
[WhiteElo "2236"]
[BlackElo "2132"]
[PlyCount "134"]
[EventDate "2007.01.20"]
[EventType "swiss"]
[EventRounds "11"]
[EventCountry "UKR"]
[SourceTitle "CBM 116 Extra"]
[Source "ChessBase"]
[SourceDate "2007.03.07"]
[SourceVersion "1"]
[SourceVersionDate "2007.03.07"]
[SourceQuality "1"]

1. e4 c6 2. d4 d5 3. e5 Bf5 4. Nc3 e6 5. g4 Bg6 6. Nge2 c5 7. h4 cxd4 8. Nxd4 h5 9. Bb5+ Nd7 10. Bg5 Be7 11. Qe2 a6 12. Ba4 hxg4 13. Bxe7 Nxe7 14. Bxd7+ Qxd7 15. Qxg4 0-0-0 16. h5 Nc6 17. 0-0-0 Nxd4 18. hxg6 Nf5 19. a3 Kb8 20. Kb1 Rxh1 21. Rxh1 Qc7 22. gxf7 Qxf7 23. Ne2 Qc7 24. Qf4 Qc5 25. Rh3 Rf8 26. Rc3 Qe7 27. Qa4 Rc8 28. Rxc8+ Kxc8 29. Nf4 g5 30. Nd3 Kb8 31. Qg4 Qg7 32. Qh5 Qe7 33. Qh8+ Ka7 34. Qc8 Nd4 35. Nc5 Nc6 36. Nd3 Qf7 37. b4 Qe7 38. Kb2 g4 39. Qg8 a5 40. Qxg4 axb4 41. axb4 Qc7 42. Qxe6 Nd4 43. Qxd5 Qxc2+ 44. Ka3 Qxd3+ 45. Kb2 Qc2+ 46. Ka3 Qc1+ 47. Ka2 Qd2+ 48. Kb1 Qxb4+ 49. Kc1 Qe1+ 50. Kb2 Qxf2+ 51. Kc3 Qe3+ 52. Kc4 Nc6 53. e6 Ne5+ 54. Kb4 Nd3+ 55. Kc4 Nb2+ 56. Kb4 Nd3+ 57. Kc4 Ne5+ 58. Kb4 Qb6+ 59. Ka3 Qd6+ 60. Qxd6 Nc4+ 61. Kb4 Nxd6 62. Kc5 Nc8 63. Kb5 Kb8 64. Kc5 Kc7 65. Kd5 Kd8 66. Ke5 Ke7 67. Kd5 Kf6 0-1

[Event "Kiev-ch"]
[Site "Kiev"]
[Date "2007.01.23"]
[Round "4"]
[White "Moiseev, Igor"]
[Black "Burdalev, Kirill"]
[Result "0-1"]
[WhiteElo "2236"]
[BlackElo "2182"]
[PlyCount "124"]
[EventDate "2007.01.20"]
[EventType "swiss"]
[EventRounds "11"]
[EventCountry "UKR"]
[SourceTitle "CBM 116 Extra"]
[Source "ChessBase"]
[SourceDate "2007.03.07"]
[SourceVersion "1"]
[SourceVersionDate "2007.03.07"]
[SourceQuality "1"]

1. e4 e6 2. d4 d5 3. Nd2 Nf6 4. e5 Nfd7 5. Bd3 c5 6. c3 b6 7. Qe2 Nc6 8. Bb5 Qc7 9. Ngf3 a6 10. Ba4 b5 11. Bb3 b4 12. 0-0 Be7 13. Re1 a5 14. Nf1 Ba6 15. Qd1 Nb6 16. Be3 bxc3 17. bxc3 cxd4 18. Nxd4 0-0 19. Nxc6 Qxc6 20. Qg4 Kh8 21. Ng3 Nd7 22. Bd4 Bd3 23. h4 a4 24. Bd1 h6 25. Be2 Qc4 26. Nh5 Rg8 27. Bxd3 Qxd3 28. Nf4 Qa6 29. Nxd5 exd5 30. Qxd7 Qe6 31. Qxe6 fxe6 32. g3 Rgb8 33. Reb1 Ba3 34. Rxb8+ Rxb8 35. Kg2 h5 36. Kf3 Kh7 37. Ke3 Kg6 38. Kd3 Kf5 39. Re1 Rb2 40. Re2 Rb1 41. Rc2 Bb2 42. Rd2 a3 43. Kc2 Rc1+ 44. Kb3 Ke4 45. Rxb2 axb2 46. Kxb2 Rd1 47. Bc5 Kd3 48. a4 Kc4 49. Be3 Rd3 50. Bd4 Rd2+ 51. Ka3 g6 52. Be3 Rc2 53. Bd4 Re2 54. Be3 Kxc3 55. a5 Re1 56. Ka2 d4 57. Bf4 Re2+ 58. Ka3 Rb2 59. Ka4 Kc4 60. Ka3 Rb3+ 61. Ka2 Rb5 62. Bd2 Kd3 0-1

[Event "Kiev-ch"]
[Site "Kiev"]
[Date "2007.01.20"]
[Round "1"]
[White "Musienko, Olexiy"]
[Black "Moiseev, Igor"]
[Result "0-1"]
[WhiteElo "1945"]
[BlackElo "2236"]
[PlyCount "60"]
[EventDate "2007.01.20"]
[EventType "swiss"]
[EventRounds "11"]
[EventCountry "UKR"]
[SourceTitle "CBM 116 Extra"]
[Source "ChessBase"]
[SourceDate "2007.03.07"]
[SourceVersion "1"]
[SourceVersionDate "2007.03.07"]
[SourceQuality "1"]

1. e4 c5 2. Nc3 Nc6 3. f4 e6 4. Bc4 Nge7 5. d3 d5 6. Bb5 d4 7. Bxc6+ Nxc6 8. Nce2 Be7 9. Nf3 0-0 10. 0-0 f5 11. e5 b6 12. c3 Bb7 13. c4 h6 14. Ng3 Rf7 15. Bd2 g5 16. h3 Rg7 17. Nh5 Rg6 18. fxg5 hxg5 19. g4 Qc7 20. Qe2 Rf8 21. Rae1 Nd8 22. Nf6+ Bxf6 23. exf6 Qg3+ 24. Qg2 Qxg2+ 25. Kxg2 fxg4 26. hxg4 Rgxf6 27. Re4 Bxe4 28. dxe4 Nf7 29. Rh1 Nd6 30. Rh3 Nxe4 0-1

[Event "Stepichev Memorial 14th"]
[Site "Kiev"]
[Date "2006.12.27"]
[Round "7"]
[White "Moiseev, Igor"]
[Black "Karnaukh, Anatolij"]
[Result "0-1"]
[WhiteElo "2246"]
[BlackElo "2253"]
[PlyCount "93"]
[EventDate "2006.12.18"]
[EventType "swiss"]
[EventRounds "9"]
[EventCountry "UKR"]
[SourceTitle "EXT 2008"]
[Source "ChessBase"]
[SourceDate "2007.11.25"]
[SourceVersion "1"]
[SourceVersionDate "2007.11.25"]
[SourceQuality "1"]

1. e4 c5 2. Nf3 Nc6 3. d4 cxd4 4. Nxd4 e5 5. Nb5 d6 6. a4 a6 7. N5c3 Nf6 8. Bg5 Be7 9. Bxf6 Bxf6 10. Nd5 Bg5 11. Nbc3 Be6 12. Ra3 Nd4 13. Bc4 Rc8 14. Ba2 g6 15. 0-0 0-0 16. f4 Bh6 17. f5 Bxd5 18. Nxd5 Rxc2 19. fxg6 Qg5 20. gxf7+ Kh8 21. g3 Qg6 22. Nf6 Rc1 23. Qxc1 Bxc1 24. Nd7 Bh6 25. Nxf8 Bxf8 26. Bd5 b6 27. Rf2 Qg4 28. Rd3 Kg7 29. Kg2 Qd7 30. b3 Qc8 31. Bc4 b5 32. axb5 axb5 33. Bd5 Qc1 34. Rdd2 Qe1 35. Rb2 Qe3 36. Ra2 Qe1 37. Rab2 Qc1 38. Ra2 Qc3 39. Rab2 Qe3 40. Ra2 Qg5 41. Ra1 Qg4 42. Ra8 h5 43. h3 Qg5 44. h4 Qe3 45. Raa2 Kg6 46. Rad2 Qe1 47. Ra2 0-1

[Event "Kiev Independence Cup-A 6th"]
[Site "Kiev"]
[Date "2006.08.21"]
[Round "9"]
[White "Moiseev, Igor"]
[Black "Khadzh Khamed, Naser"]
[Result "1/2-1/2"]
[WhiteElo "2246"]
[BlackElo "1998"]
[PlyCount "129"]
[EventDate "2006.08.13"]
[EventType "swiss"]
[EventRounds "11"]
[EventCountry "UKR"]
[SourceTitle "CBM 113 Extra"]
[Source "ChessBase"]
[SourceDate "2006.09.14"]
[SourceVersion "1"]
[SourceVersionDate "2006.09.14"]
[SourceQuality "1"]

1. d4 Nf6 2. c4 e6 3. Nf3 b6 4. g3 Bb7 5. Bg2 c5 6. d5 exd5 7. Nh4 b5 8. cxd5 Qa5+ 9. Bd2 b4 10. e4 Qa6 11. Be3 d6 12. Nd2 Nbd7 13. Bf1 Qb6 14. Qa4 g6 15. Rc1 Bg7 16. Bb5 Rd8 17. Bf4 Qc7 18. 0-0 0-0 19. Qxb4 Rb8 20. Qa4 Nb6 21. Qc2 Nh5 22. Be3 Kh8 23. Nhf3 f5 24. Ng5 Bc8 25. Ne6 Bxe6 26. dxe6 f4 27. gxf4 Nxf4 28. Bc4 Qe7 29. Kh1 Be5 30. Rg1 Nxe6 31. Bxe6 Qxe6 32. b3 Rf6 33. Rg2 Rbf8 34. Qd3 Qh3 35. Rf1 Kg7 36. f3 R8f7 37. Kg1 h6 38. Kh1 g5 39. a3 Nd7 40. b4 cxb4 41. axb4 Nf8 42. Bf2 Ng6 43. Bg3 Bf4 44. Nc4 Qh5 45. Kg1 Bxg3 46. hxg3 Rxf3 47. Rxf3 Qxf3 48. Qd4+ Kh7 49. Nxd6 Rd7 50. e5 Qb3 51. Qe4 Qd1+ 52. Kh2 Qh5+ 53. Kg1 Qd1+ 54. Kh2 Qh5+ 55. Kg1 Rc7 56. Rf2 Rc1+ 57. Rf1 Rxf1+ 58. Kxf1 Qd1+ 59. Kg2 Qd2+ 60. Kh3 g4+ 61. Qxg4 Qd5 62. Qe4 Qxe4 63. Nxe4 Nxe5 64. Nd6 a6 65. b5 1/2-1/2